The Legend of Korra Characters by Hint - Statistics

General Stats
  • This quiz has been taken 6 times
  • The average score is 15 of 50
Answer Stats
Hint Answer % Correct
The main character Korra
80%
Aang's waterbending child Kya
80%
Crown prince of the Earth Kingdom after Hou-Ting Wu
60%
Learned to take another person's bending away Amon
40%
Son of Unalaq Desna
40%
The Founder of Future Industries Hiroshi Sato
40%
Middle child of the airbending kids Ikki
40%
The general of the United Forces Iroh
40%
Fire Lord of the Fire Nation Izumi
40%
The oldest of the airbending children Jinora
40%
Was put in the Earth Queen's airbending army Kai
40%
Nicknamed the "Great Uniter" Kuvira
40%
Chief of the Republic City Police Lin Beifong
40%
Learned the airbending style airfarting Meelo
40%
Tenzin's wife Pema
40%
President of the United Republic Raiko
40%
Youngest of the airbending children Rohan
40%
Korra's mom Senna
40%
Northern Water Tribe representative in the Republic City Council Tarrlok
40%
Chief of the Southern Water Tribe Tonraq
40%
Became the "Dark Avatar" Unalaq
40%
The first ever avatar Wan
40%
Leader of the Red Lotus in the TV show Zaheer
40%
A truthseer Aiwei
20%
Found love by hitting someone with her moped Asami Sato
20%
Son of Baatar Baatar Jr
20%
The commander of the Second Division of the United Forces Bumi
20%
Got his head shaved by Tenzin Daw
20%
Daughter of Unalaq Eska
20%
Red Lotus member with lavabending Ghazan
20%
Played Ginger in The Adventures of Nuktuk: Hero of the South Ginger
20%
The waterbending member of the Fire Ferrets before Korra Hasook
20%
Queen of the Earth Kingdom of Season II Hou-Ting
20%
Likes kale cookies Iknik Blackstone Varrick
20%
Found love by getting hit with a moped Mako
20%
Red Lotus member with no arms Ming-Hua
20%
The Polar Bear-Dog Naga
20%
Amon's true identity Noatak
20%
Tenzin's sky bison Oogi
20%
Member of the Beifongs that gained the ability to airbend Opal
20%
The Fire Ferret Pabu
20%
Red Lotus member with combustion bending P'Li
20%
Winged-Lemur adopted and trained by Meelo Poki
20%
The chief after Lin resigned in Season I Saikhan
20%
The radio broadcaster guy that provides commentary on pro-bending matches Shiro Shinobi
20%
Called Korra the "Uh-vatar" Tahno
20%
Turned Aang's air scooter into a giant air wheel Tenzin
20%
Had 12 toes Two Toed Ping
20%
The first person to learn psychic bloodbending Yakone
20%
Owner of Cabbage Corp. Lau Gan-Lan
0%
No matching quizzes found
Score Distribution
Percent of People with Each Score
Percentile by Number Answered
Your Score History
You have not taken this quiz